[Event "Tournoi Skype 023A"]
[Site "Skype"]
[Date "????.??.??"]
[Round "4.32"]
[White "Perez Fermin, Jose"]
[Black "Gharbi, Said"]
[Result "1-0"]
[WhiteElo "1571"]
[BlackElo "1541"]
[PlyCount "95"]

1. e4 e5 2. Nf3 Nf6 3. Nc3 Bb4 4. Bc4 Bxc3 5. dxc3 O-O 6. O-O Nxe4 7. Re1 Nd6
8. Nxe5 Qh4 9. Bb3 Nc6 10. Nf3 Qh5 11. Bf4 Nb5 12. a4 Nd6 13. Bxd6 cxd6 14.
Qxd6 Nd8 15. Rad1 Ne6 16. Bd5 Qg6 17. Be4 Qh5 18. Rd5 Qh6 19. Rb5 Qf4 20. Qxf4
Nxf4 21. Bxb7 Rb8 22. Bxc8 Rxb5 23. axb5 Rxc8 24. Nd4 Kf8 25. g3 Ne6 26. Nxe6+
dxe6 27. Re4 Rc5 28. c4 Ke7 29. b3 Kf6 30. f3 Rc7 31. Rd4 Rb7 32. Kf2 g5 33. h3
h6 34. Ke3 Ke7 35. c3 e5 36. Rd1 Rb6 37. Ra1 Rb7 38. Ra6 f6 39. g4 Kf7 40. Ke4
Kg6 41. b4 Rd7 42. c5 Rb7 43. c4 h5 44. c6 Rc7 45. Ra2 h4 46. Rd2 Rc8 47. Rd7
Re8 48. Rxa7 1-0

[Event "Tournoi Skype 023A"]
[Site "Skype"]
[Date "????.??.??"]
[Round "4.33"]
[White "Carballo, Jorge"]
[Black "Martin, Jean-Claude"]
[Result "0-1"]
[WhiteElo "1508"]
[BlackElo "1523"]
[PlyCount "30"]

1. e4 d5 2. exd5 Qxd5 3. Nc3 Qa5 4. d4 Nf6 5. Bd2 c6 6. Ne4 Qc7 7. Nxf6+ gxf6
8. Bc4 Bf5 9. Nf3 e6 10. O-O Nd7 11. h3 O-O-O 12. c3 Nb6 13. Bb3 Be4 14. Re1
Bd5 15. Ne5 fxe5 0-1

[Event "Tournoi Skype 023A"]
[Site "Skype"]
[Date "????.??.??"]
[Round "5.1"]
[White "Grosso, Raul"]
[Black "Benson, Paul"]
[Result "1/2-1/2"]
[WhiteElo "1700"]
[BlackElo "2021"]
[PlyCount "55"]

1. d4 f5 2. g3 Nf6 3. Bg2 g6 4. c4 Bg7 5. Nf3 d6 6. O-O O-O 7. Nc3 Na6 8. b3 c5
9. Bb2 h6 10. d5 g5 11. Nd2 Nc7 12. Qc2 Rb8 13. a4 e5 14. dxe6 Bxe6 15. Rad1
Qe7 16. e4 f4 17. Nd5 Ncxd5 18. exd5 Bd7 19. Rde1 Qf7 20. gxf4 gxf4 21. Kh1
Rbe8 22. Ne4 Bf5 23. Bxf6 Bxe4 24. Rxe4 Rxe4 25. Qxe4 Qxf6 26. Bh3 Qe5 27. Be6+
Kh8 28. Qxe5 1/2-1/2

[Event "Tournoi Skype 023A"]
[Site "Skype"]
[Date "????.??.??"]
[Round "5.2"]
[White "Ibarra Cantu, Raul Alberto"]
[Black "Altinok, Selim"]
[Result "1-0"]
[WhiteElo "1892"]
[BlackElo "1834"]
[PlyCount "125"]

1. c4 Nf6 2. Nc3 g6 3. d4 Bg7 4. e4 d6 5. Nf3 O-O 6. Be2 e5 7. h3 Nc6 8. Be3
Re8 9. d5 Ne7 10. O-O h6 11. Nd2 Nh7 12. g4 f5 13. gxf5 gxf5 14. exf5 Bxf5 15.
Bg4 Nf6 16. Bxf5 Nxf5 17. Nde4 Nxe4 18. Nxe4 Qh4 19. Qg4 Rf8 20. Kh2 Rf7 21.
Rg1 Qxg4 22. Rxg4 a6 23. Rag1 Kh7 24. b4 a5 25. b5 b6 26. a4 Raf8 27. Rg6 Nh4
28. Rxd6 cxd6 29. Bxb6 Nf3+ 30. Kg2 Rd7 31. Ra1 Ng5 32. Nxg5+ hxg5 33. Bxa5 e4
34. Ra2 Bd4 35. Bb4 Ra8 36. a5 Kg6 37. Rd2 Bc5 38. Bxc5 dxc5 39. a6 Rd6 40. Ra2
Ra7 41. Kg3 Kf5 42. Ra3 Rh6 43. Rb3 Rb6 44. Ra3 Ke5 45. Rc3 Kd4 46. Rc1 Kd3 47.
Kg4 Kd2 48. Ra1 Kd3 49. Rc1 Kd2 50. Ra1 Ke2 51. Ra2+ Kd3 52. Ra4 Kc3 53. Kxg5
Kb3 54. Ra1 Kxc4 55. Rd1 Rd6 56. h4 Rxd5+ 57. Rxd5 Kxd5 58. h5 c4 59. h6 c3 60.
b6 c2 61. bxa7 c1=Q+ 62. Kg6 Qc6+ 63. Kg5 1-0

[Event "Tournoi Skype 023A"]
[Site "Skype"]
[Date "????.??.??"]
[Round "5.3"]
[White "Silva, Rodrigo De Souza"]
[Black "Altinok, Kerim"]
[Result "1/2-1/2"]
[WhiteElo "1897"]
[BlackElo "1822"]
[PlyCount "52"]

1. e4 c6 2. d4 d5 3. Nc3 dxe4 4. Nxe4 Bf5 5. Ng3 Bg6 6. h4 h6 7. Nf3 Nd7 8. h5
Bh7 9. Bd3 Bxd3 10. Qxd3 Ngf6 11. Bd2 e6 12. O-O-O Qc7 13. c4 Bd6 14. Ne4 Nxe4
15. Qxe4 Nf6 16. Qe2 O-O-O 17. g3 c5 18. Bc3 Kb8 19. Kb1 Rhe8 20. Ne5 Re7 21.
f4 Ne8 22. Rhe1 Bxe5 23. dxe5 Red7 24. Kc2 Qc6 25. g4 Qa4+ 26. Kc1 Qxa2 1/2-1/2

[Event "Tournoi Skype 023A"]
[Site "Skype"]
[Date "????.??.??"]
[Round "5.4"]
[White "Siret, Bernard"]
[Black "Saponara, Jose Maria"]
[Result "1-0"]
[WhiteElo "2045"]
[BlackElo "1779"]
[PlyCount "93"]

1. e4 d5 2. d4 dxe4 3. Nc3 Nf6 4. f3 exf3 5. Nxf3 Bg4 6. h3 Bxf3 7. Qxf3 c6 8.
g4 e6 9. g5 Nd5 10. Bd3 g6 11. O-O Qe7 12. Ne4 Bg7 13. Qxf7+ Qxf7 14. Nd6+ Ke7
15. Rxf7+ Kxd6 16. Rxg7 Nd7 17. c4 Nb4 18. Bf4+ e5 19. dxe5+ Nxe5 20. Rd1 Nbxd3
21. Rxd3+ Ke6 22. Re3 Kf5 23. Bxe5 Kxg5 24. Rxb7 Rhe8 25. Rxh7 Rad8 26. Rg3+
Kf5 27. Bc3 Re2 28. Rf7+ Ke6 29. Rf6+ Ke7 30. Rf1 Rg8 31. Re1 Rxe1+ 32. Bxe1
Kd6 33. Rg5 Ke6 34. Bc3 a6 35. Kf2 Kf7 36. Kf3 Re8 37. Rc5 Rc8 38. Ke4 Ke6 39.
Rg5 Kf7 40. Ke5 Rh8 41. Kd6 Rxh3 42. Kxc6 Rh4 43. c5 Ra4 44. a3 Re4 45. Kb6 Ke6
46. c6 Ke7 47. Re5+ 1-0

[Event "Tournoi Skype 023A"]
[Site "Skype"]
[Date "????.??.??"]
[Round "5.5"]
[White "Ortega, Elvis"]
[Black "Deville, Olivier"]
[Result "1/2-1/2"]
[WhiteElo "1712"]
[BlackElo "1965"]
[PlyCount "142"]

1. d4 Nf6 2. c4 e6 3. Nf3 Bb4+ 4. Bd2 Qe7 5. Qc2 Bxd2+ 6. Nbxd2 d6 7. e3 O-O 8.
Bd3 b6 9. O-O Bb7 10. Rac1 Nbd7 11. b4 e5 12. Ng5 h6 13. Nge4 Nxe4 14. Bxe4
Bxe4 15. Qxe4 f5 16. Qd5+ Kh8 17. Nb3 f4 18. c5 f3 19. gxf3 Rac8 20. Kh1 exd4
21. cxd6 Qxd6 22. Qxd6 cxd6 23. Nxd4 Ne5 24. a3 Nd3 25. Rxc8 Rxc8 26. Nb5 Rc2
27. Nxa7 Nxf2+ 28. Kg1 Nh3+ 29. Kh1 Nf2+ 30. Kg2 Ng4+ 31. Kg3 Nxe3 32. Re1 Nc4
33. Re8+ Kh7 34. Nb5 d5 35. h4 Kg6 36. Re6+ Kf7 37. Re1 Ra2 38. Rd1 Nxa3 39.
Nxa3 Rxa3 40. Rxd5 Ra4 41. Rb5 Ra6 42. h5 Ke6 43. Kf4 Kf6 44. Rd5 Ke6 45. Re5+
Kf6 46. Re4 Ra1 47. Re5 Rb1 48. Rb5 Rh1 49. Rxb6+ Kf7 50. Rb5 Rb1 51. Kf5 Rg1
52. Rb7+ Ke8 53. f4 Rg2 54. b5 Kf8 55. Ke6 Re2+ 56. Kd5 Rf2 57. Ke5 Rh2 58. Kf5
Rxh5+ 59. Kg6 Rh4 60. Rb8+ Ke7 61. Rb7+ Kf8 62. Rf7+ Ke8 63. b6 Rg4+ 64. Kh7
Kxf7 65. b7 Rxf4 66. b8=Q Rf6 67. Qc7+ Ke6 68. Kxg7 Rf5 69. Kxh6 Rf6+ 70. Kg5
Rf5+ 71. Kg4 Re5 1/2-1/2

[Event "Tournoi Skype 023A"]
[Site "Skype"]
[Date "????.??.??"]
[Round "5.6"]
[White "Lopez, Jose Luis"]
[Black "Pena, Eduin"]
[Result "1-0"]
[WhiteElo "1865"]
[BlackElo "1764"]
[PlyCount "51"]

1. e4 c5 2. Nf3 Nc6 3. d4 cxd4 4. Nxd4 Nf6 5. Nc3 e5 6. Ndb5 d6 7. Bg5 a6 8.
Na3 b5 9. Nd5 Be7 10. Bxf6 Bxf6 11. c3 Be6 12. Nxf6+ gxf6 13. Nc2 f5 14. exf5
Bxf5 15. Bd3 Be6 16. O-O h5 17. a4 Rb8 18. axb5 axb5 19. Qe2 Bg4 20. f3 Qb6+
21. Qe3 Qxe3+ 22. Nxe3 Be6 23. Ra6 Kd7 24. Be4 Rhc8 25. Rd1 f5 26. Nxf5 1-0

[Event "Tournoi Skype 023A"]
[Site "Skype"]
[Date "????.??.??"]
[Round "5.7"]
[White "Dal, Ibrahim"]
[Black "Karia, Vijay"]
[Result "1-0"]
[WhiteElo "1809"]
[BlackElo "1761"]
[PlyCount "61"]

1. d4 d5 2. c4 c6 3. Nf3 Nf6 4. Nc3 e6 5. Bg5 Nbd7 6. e3 Qa5 7. cxd5 cxd5 8.
Bd3 Bb4 9. O-O Bxc3 10. bxc3 Qxc3 11. Qe2 O-O 12. Rfc1 Qa5 13. Ne5 a6 14. Nxd7
Nxd7 15. Qg4 f5 16. Qg3 Nf6 17. Rc2 Bd7 18. Rac1 Rac8 19. Rxc8 Ne4 20. Rxf8+
Kxf8 21. Qb8+ Kf7 22. Qxb7 Kg6 23. Bh4 Qxa2 24. Qxa6 Qxa6 25. Bxa6 Kf7 26. f3
Nd6 27. Bg3 Ne8 28. Bf2 h6 29. Bd3 g6 30. g4 Nf6 31. gxf5 1-0

[Event "Tournoi Skype 023A"]
[Site "Skype"]
[Date "????.??.??"]
[Round "5.8"]
[White "Martinez Quintero, Javier"]
[Black "Martinez, Jose Abel"]
[Result "0-1"]
[WhiteElo "1779"]
[BlackElo "1664"]
[PlyCount "54"]

1. d4 Nf6 2. c4 g6 3. Nc3 Bg7 4. Nf3 d6 5. g3 O-O 6. Bg2 c5 7. O-O Na6 8. e4
Re8 9. Be3 Ng4 10. Re1 Nxe3 11. Rxe3 cxd4 12. Nxd4 Nb4 13. a3 Bxd4 14. Qxd4 Nc2
15. Qd3 Nxa1 16. Nd5 e6 17. Nf4 Qb6 18. b4 a5 19. b5 a4 20. e5 dxe5 21. Rxe5
Rd8 22. Qb1 Nb3 23. h4 Rd4 24. h5 Qd6 25. Rg5 Rd1+ 26. Qxd1 Qxd1+ 27. Kh2 f6
0-1

[Event "Tournoi Skype 023A"]
[Site "Skype"]
[Date "????.??.??"]
[Round "5.9"]
[White "Trivedi, Viral"]
[Black "Rico Hernandez, Edgar"]
[Result "1/2-1/2"]
[WhiteElo "1670"]
[BlackElo "1981"]
[PlyCount "31"]

1. d4 Nf6 2. Nf3 d5 3. Bf4 c5 4. e3 Nc6 5. c3 Qb6 6. Qb3 e6 7. Nbd2 Be7 8. Bb5
O-O 9. Bxc6 bxc6 10. Qxb6 axb6 11. O-O c4 12. Ne5 Bb7 13. h3 b5 14. a3 Ra6 15.
Ndf3 h6 16. g4 1/2-1/2

[Event "Tournoi Skype 023A"]
[Site "Skype"]
[Date "????.??.??"]
[Round "5.11"]
[White "Junqueira, Leonardo De Faria"]
[Black "Segura Lozano, Marcos Antonio"]
[Result "0-1"]
[WhiteElo "1487"]
[BlackElo "1804"]
[PlyCount "51"]

1. e4 d6 2. d4 Nf6 3. Nc3 g6 4. Bg5 Bg7 5. e5 dxe5 6. dxe5 Qxd1+ 7. Rxd1 Nfd7
8. Nd5 Bxe5 9. Nxe7 f6 10. Nxc8 fxg5 11. Nf3 Nc6 12. Nxe5 Ndxe5 13. Nd6+ cxd6
14. Rxd6 Ke7 15. Rd2 Rad8 16. Be2 Rxd2 17. Kxd2 Rd8+ 18. Kc1 Nd4 19. Bd1 Kf6
20. Re1 a5 21. Re3 b5 22. c3 Nf5 23. Re2 Nd3+ 24. Kc2 Nf4 25. Re3 Nxe3+ 26.
fxe3 0-1

[Event "Tournoi Skype 023A"]
[Site "Skype"]
[Date "????.??.??"]
[Round "5.12"]
[White "Diaz, Jose Garcia"]
[Black "Aravena, Alvaro"]
[Result "1-0"]
[WhiteElo "1749"]
[BlackElo "1700"]
[PlyCount "91"]

1. e4 e6 2. Nc3 d5 3. exd5 exd5 4. d4 c5 5. Nf3 Bg4 6. Be2 Nf6 7. h3 cxd4 8.
Qxd4 Bf5 9. O-O Bxc2 10. Bg5 Nc6 11. Bb5 Be7 12. Bxc6+ bxc6 13. Rfe1 O-O 14.
Ne5 Qc7 15. Rac1 c5 16. Nxd5 Nxd5 17. Qxd5 Rad8 18. Qc6 Rc8 19. Bxe7 Qxe7 20.
Qf3 Ba4 21. Ng6 fxg6 22. Rxe7 Rxf3 23. gxf3 a6 24. Rce1 Bb5 25. b3 Rf8 26. Rd1
h5 27. a4 Bc6 28. Rd6 Bxf3 29. Rxg6 Rf7 30. Rxf7 Kxf7 31. Rxa6 Bd5 32. Rb6 Ke7
33. a5 Kd7 34. f4 h4 35. Rg6 Bxb3 36. Rxg7+ Kc6 37. a6 Kb5 38. a7 Bd5 39. f5 c4
40. f6 c3 41. Rc7 Bc6 42. Rxc6 Kxc6 43. a8=Q+ Kb5 44. f7 c2 45. Qc8 c1=Q+ 46.
Qxc1 1-0

[Event "Tournoi Skype 023A"]
[Site "Skype"]
[Date "????.??.??"]
[Round "5.13"]
[White "Sanchez, Carlos"]
[Black "Bendre, Pankaj"]
[Result "1-0"]
[WhiteElo "1744"]
[BlackElo "1540"]
[PlyCount "47"]

1. e4 e5 2. Nf3 Nc6 3. Bb5 a6 4. Ba4 b5 5. Bb3 Nf6 6. O-O d6 7. Re1 Bg4 8. c3
Be7 9. h3 Bh5 10. d4 exd4 11. cxd4 Bxf3 12. gxf3 h6 13. e5 dxe5 14. dxe5 Nd7
15. e6 fxe6 16. Bxe6 Nde5 17. Bd5 Qd6 18. f4 Nd7 19. Re6 Qc5 20. Bxc6 Rd8 21.
Nc3 Qf5 22. Qe2 Qf7 23. Nd5 Kf8 24. Rxe7 1-0

[Event "Tournoi Skype 023A"]
[Site "Skype"]
[Date "????.??.??"]
[Round "5.14"]
[White "Murgia, Stefano"]
[Black "Castillo, Jesus"]
[Result "1-0"]
[WhiteElo "1728"]
[BlackElo "1460"]
[PlyCount "59"]

1. e4 c5 2. Nf3 Nc6 3. d4 cxd4 4. Nxd4 d6 5. Nc3 Nf6 6. Bg5 e6 7. Qd2 Be7 8. f4
e5 9. Nf3 exf4 10. Bxf4 a6 11. O-O-O O-O 12. h3 Qa5 13. Kb1 Ne5 14. Nd5 Qxd2
15. Nxe7+ Kh8 16. Nxd2 Be6 17. Nf5 b5 18. Nxd6 Nc6 19. Be2 b4 20. Bf3 Nd4 21.
Nb3 Nxb3 22. axb3 Ra7 23. Rd2 a5 24. Rhd1 a4 25. Nb5 Rb7 26. bxa4 Rxb5 27. axb5
Ra8 28. Rd8+ Rxd8 29. Rxd8+ Ng8 30. b6 1-0

[Event "Tournoi Skype 023A"]
[Site "Skype"]
[Date "????.??.??"]
[Round "5.15"]
[White "Hilton, Stephen"]
[Black "Sepulveda, Lyda Marcela"]
[Result "1-0"]
[WhiteElo "1880"]
[BlackElo "1649"]
[PlyCount "51"]

1. Nf3 Nf6 2. c4 e6 3. Nc3 c6 4. d4 d5 5. Bg5 Be7 6. e3 Nbd7 7. Qc2 O-O 8. Bd3
dxc4 9. Bxc4 Nd5 10. Bxe7 Qxe7 11. O-O Nxc3 12. Qxc3 Re8 13. e4 e5 14. d5 cxd5
15. Bxd5 Nf6 16. Rfd1 Nxd5 17. Rxd5 Be6 18. Rc5 Rac8 19. Rxc8 Bxc8 20. Rc1 Bd7
21. Qe3 Bc6 22. Qxa7 Bxe4 23. Qe3 Bc6 24. Ng5 f6 25. Qb3+ Bd5 26. Qxd5+ 1-0

[Event "Tournoi Skype 023A"]
[Site "Skype"]
[Date "????.??.??"]
[Round "5.16"]
[White "Ricieri, Vinicius"]
[Black "Khunte, Aniruddha"]
[Result "1-0"]
[WhiteElo "1831"]
[BlackElo "1550"]
[PlyCount "31"]

1. e4 e5 2. Nf3 Nc6 3. d4 exd4 4. Nxd4 Bc5 5. Be3 d5 6. Nxc6 Qf6 7. Bxc5 Qxc6
8. Qxd5 Qxd5 9. exd5 Nf6 10. c4 Bf5 11. Nc3 Bd7 12. Bd3 O-O-O 13. O-O h5 14.
Bxa7 b6 15. c5 g5 16. Ba6# 1-0

[Event "Tournoi Skype 023A"]
[Site "Skype"]
[Date "????.??.??"]
[Round "5.17"]
[White "Vasquez, Oscar"]
[Black "Perrone, Gabriel Lorenzo"]
[Result "1-0"]
[WhiteElo "1716"]
[BlackElo "1523"]
[PlyCount "85"]

1. c4 Nf6 2. Nc3 d5 3. cxd5 Nxd5 4. d4 g6 5. Nf3 Bg7 6. e4 Nb6 7. Be3 Nc6 8. g3
Bg4 9. d5 Ne5 10. Bg2 Nbc4 11. Qa4+ Qd7 12. Nxe5 Qxa4 13. Nxa4 Bxe5 14. h3 Bd7
15. Rc1 Nxe3 16. fxe3 Bxa4 17. Rc4 Bxg3+ 18. Ke2 Bb5 19. b3 Be5 20. a4 Bxc4+
21. bxc4 O-O 22. c5 c6 23. a5 Rfd8 24. Rb1 cxd5 25. exd5 Bc7 26. Rxb7 Bxa5 27.
Rxe7 Bc3 28. d6 Rab8 29. Kd3 Bd4 30. Kxd4 a5 31. Bc6 Kf8 32. Bd5 Rb4+ 33. Kc3
Rb5 34. Rxf7+ Ke8 35. Kd4 Rxd6 36. cxd6 Rxd5+ 37. Kxd5 Kxf7 38. Kc6 Ke8 39. Kc7
Kf7 40. d7 Kg7 41. d8=Q Kh6 42. Qh4+ Kg7 43. Kd7 1-0

[Event "Tournoi Skype 023A"]
[Site "Skype"]
[Date "????.??.??"]
[Round "5.18"]
[White "Calcino, Luis"]
[Black "Ramirez Reina, Orlando"]
[Result "1/2-1/2"]
[WhiteElo "1714"]
[BlackElo "1432"]
[PlyCount "114"]

1. d4 Nf6 2. Nf3 d5 3. g3 e6 4. Bg2 c6 5. O-O Be7 6. Nbd2 O-O 7. c4 Nbd7 8. b3
b6 9. Bb2 Bb7 10. Rc1 Rc8 11. Re1 Bb4 12. a3 Bxd2 13. Nxd2 Re8 14. Nf3 Qe7 15.
Rc2 Ne4 16. Nd2 Nxd2 17. Qxd2 e5 18. cxd5 cxd5 19. Rxc8 Rxc8 20. dxe5 Nxe5 21.
Qd4 f6 22. Bxd5+ Bxd5 23. Qxd5+ Qf7 24. Qxf7+ Kxf7 25. Rc1 Rxc1+ 26. Bxc1 Ke6
27. Bb2 a6 28. Kg2 b5 29. f4 Nd7 30. b4 Nb6 31. Kf3 Nc4 32. Bc1 f5 33. e4 fxe4+
34. Kxe4 g6 35. g4 a5 36. bxa5 Nxa5 37. f5+ gxf5+ 38. gxf5+ Kf7 39. Bd2 Nc4 40.
Bb4 Kf6 41. Kf4 h5 42. h4 Nb6 43. Bc3+ Kf7 44. Kg5 Nd5 45. Bd4 Ne7 46. f6 Ng8
47. Kxh5 Nxf6+ 48. Bxf6 Kxf6 49. Kh6 Kf5 50. Kg7 Kg4 51. Kf6 Kxh4 52. Ke5 Kg5
53. Kd5 Kf6 54. Kc5 Ke7 55. Kxb5 Kd7 56. Kb6 Kc8 57. Ka7 Kc7 1/2-1/2

[Event "Tournoi Skype 023A"]
[Site "Skype"]
[Date "????.??.??"]
[Round "5.19"]
[White "Levantini, Claudio"]
[Black "Rugman, Dan"]
[Result "0-1"]
[WhiteElo "1532"]
[BlackElo "1664"]
[PlyCount "72"]

1. e4 c5 2. Nf3 d6 3. d4 cxd4 4. Nxd4 Nf6 5. Nc3 a6 6. Bd3 e6 7. O-O Nbd7 8. f4
b5 9. Qe1 Bb7 10. e5 dxe5 11. fxe5 Ng4 12. Nf3 Bxf3 13. Rxf3 Ndxe5 14. Rh3 Bc5+
15. Be3 Bxe3+ 16. Rxe3 Qb6 17. Nd1 Nxe3 18. Qxe3 Qxe3+ 19. Nxe3 Nxd3 20. cxd3
Ke7 21. Re1 Rhd8 22. Nf5+ Kf6 23. Ng3 Rxd3 24. Ne4+ Ke7 25. Rc1 f5 26. Rc7+ Rd7
27. Rxd7+ Kxd7 28. Nc5+ Kd6 29. b4 a5 30. Nb7+ Kc6 31. Nxa5+ Kb6 32. Kf2 Rxa5
33. bxa5+ Kxa5 34. Ke3 e5 35. Kd3 Ka4 36. Kc3 Ka3 0-1

[Event "Tournoi Skype 023A"]
[Site "Skype"]
[Date "????.??.??"]
[Round "5.21"]
[White "Alvarez, Juan Evangelista"]
[Black "Engstrom, Olle"]
[Result "1-0"]
[WhiteElo "1568"]
[BlackElo "1749"]
[PlyCount "83"]

1. Nf3 Nf6 2. d4 g6 3. Qd3 Bg7 4. e4 d6 5. Nc3 O-O 6. Bg5 Nbd7 7. O-O-O c6 8.
e5 dxe5 9. dxe5 Ng4 10. Qe2 h6 11. Bf4 Qa5 12. Nd4 Ngxe5 13. Nb3 Qb4 14. Rd4
Qb6 15. Be3 c5 16. Nd5 cxd4 17. Nxb6 Nxb6 18. Bxd4 Nec4 19. Bxg7 Kxg7 20. Nd4
e5 21. Nb5 Bf5 22. b3 Na5 23. Qxe5+ Kg8 24. Nd6 Nc6 25. Qf4 Nd5 26. Qxh6 Be6
27. Bc4 Ne5 28. Bxd5 Bxd5 29. Re1 Nd7 30. h4 Rfd8 31. h5 Nf8 32. Ne4 Bxe4 33.
Rxe4 Rd6 34. hxg6 Rxg6 35. Qh5 Rg7 36. g4 Rd8 37. Qa5 Ra8 38. Qd5 Rb8 39. Qe5
Rd8 40. Qc7 Rd7 41. Qb8 b6 42. Re8 1-0

[Event "Tournoi Skype 023A"]
[Site "Skype"]
[Date "????.??.??"]
[Round "5.22"]
[White "Mitrani, Alberto"]
[Black "Khetre, Gaurav"]
[Result "0-1"]
[WhiteElo "1567"]
[BlackElo "1742"]
[PlyCount "78"]

1. d4 Nf6 2. Nf3 e6 3. e3 b6 4. Bd3 Bb7 5. Nbd2 Be7 6. O-O O-O 7. b3 d6 8. Bb2
Nbd7 9. e4 c5 10. e5 dxe5 11. dxe5 Nd5 12. Nc4 f5 13. Nd6 Bxd6 14. exd6 N7f6
15. c4 Nb4 16. a3 Nc6 17. Bc2 Qd7 18. Qd3 Rad8 19. Rad1 Rfe8 20. Ne5 Nxe5 21.
Bxe5 Qc6 22. f3 Ng4 23. Qe2 Nh6 24. Qf2 Nf7 25. f4 Nxd6 26. Qg3 g6 27. h4 Nf7
28. Rxd8 Rxd8 29. Bf6 Rd2 30. Rf2 Qd7 31. h5 Rxf2 32. Qxf2 Nh6 33. Qg3 Ng4 34.
hxg6 Nxf6 35. gxh7+ Kxh7 36. Qh4+ Kg7 37. Qg5+ Kf7 38. Qh4 Qd4+ 39. Qf2 Qa1+
0-1

[Event "Tournoi Skype 023A"]
[Site "Skype"]
[Date "????.??.??"]
[Round "5.23"]
[White "Casey, Eamonn"]
[Black "Yardimci, Ertan"]
[Result "0-1"]
[WhiteElo "1725"]
[BlackElo "1554"]
[PlyCount "60"]

1. d4 Nf6 2. c4 g6 3. Nc3 Bg7 4. e4 d6 5. Be2 O-O 6. Nf3 e5 7. dxe5 dxe5 8. Qc2
Nc6 9. O-O Nh5 10. Rd1 Qe7 11. Nd5 Qc5 12. Bd3 Nd4 13. Nxd4 exd4 14. b4 Qd6 15.
Bf4 Nxf4 16. c5 Qe5 17. Bc4 Nxd5 18. exd5 Bf5 19. Qd2 Rad8 20. Rac1 Rfe8 21.
Bb5 Bd7 22. Bxd7 Rxd7 23. Re1 Qxe1+ 24. Rxe1 Rxe1+ 25. Qxe1 Rxd5 26. Qe8+ Bf8
27. c6 b6 28. Qe4 Rd6 29. b5 d3 30. Kf1 d2 0-1

[Event "Tournoi Skype 023A"]
[Site "Skype"]
[Date "????.??.??"]
[Round "5.24"]
[White "Thoune, Jim"]
[Black "Vello, Pablo"]
[Result "1-0"]
[WhiteElo "1674"]
[BlackElo "1517"]
[PlyCount "79"]

1. d4 Nf6 2. c4 e6 3. Nc3 Bb4 4. Qc2 d5 5. cxd5 exd5 6. Bd2 Nc6 7. e3 Ne7 8.
Qa4+ Nc6 9. Bb5 Bxc3 10. Bxc3 Bd7 11. Qb3 a6 12. Bd3 Ne7 13. Nf3 O-O 14. O-O
Re8 15. Ne5 Bf5 16. Bxf5 Nxf5 17. Rac1 Nd6 18. f3 Qc8 19. Bb4 Nf5 20. Bc5 Ne7
21. e4 Nc6 22. Nxc6 bxc6 23. e5 Nd7 24. Qa4 Qb7 25. Ba3 Nb8 26. f4 Re6 27. Rf3
Qb5 28. Qc2 a5 29. Rh3 Rh6 30. Rb3 Qa6 31. Qc5 Nd7 32. Qc3 Nb6 33. Qc2 Nc4 34.
Rc3 Nxa3 35. bxa3 Kf8 36. Rxc6 Rxc6 37. Qxc6 Qc8 38. Qxd5 Ra7 39. Qc5+ Ke8 40.
Qxa7 1-0

[Event "Tournoi Skype 023A"]
[Site "Skype"]
[Date "????.??.??"]
[Round "5.25"]
[White "Galani, Mahendra"]
[Black "Fernandez Cabello, Emilio"]
[Result "1-0"]
[WhiteElo "1469"]
[BlackElo "1646"]
[PlyCount "120"]

1. c3 e6 2. Nf3 Nf6 3. d4 d5 4. Bf4 Be7 5. Nbd2 Ne4 6. Qa4+ Nd7 7. Nxe4 dxe4 8.
Ne5 O-O 9. e3 Nb6 10. Qc2 f5 11. Be2 g5 12. Bg3 f4 13. exf4 gxf4 14. Qxe4 Qd5
15. Qxd5 exd5 16. Bxf4 Rxf4 17. Nd3 Rf8 18. O-O-O Bg5+ 19. Kb1 Nc4 20. h4 Bh6
21. Bf3 c6 22. b3 Nd2+ 23. Kb2 Nxf3 24. gxf3 Bf5 25. Rdg1+ Kf7 26. Ne5+ Ke6 27.
Re1 Kd6 28. h5 Bf4 29. Rh4 Bg5 30. Rhh1 Be6 31. h6 Rf6 32. Rh5 Bf4 33. Rg1 Rg8
34. Rgh1 Rg2 35. Nd3 Bg3 36. Rf1 Rxf3 37. Ne1 Rfxf2+ 38. Rxf2 Rxf2+ 39. Ka3 Rf5
40. Rh1 Bxe1 41. Rxe1 Rh5 42. Rg1 Rxh6 43. Rg7 Bd7 44. Rg8 a6 45. Kb4 b6 46. c4
dxc4 47. bxc4 c5+ 48. dxc5+ bxc5+ 49. Ka5 Rh4 50. Kxa6 Rxc4 51. Kb6 Ra4 52. Rg2
Bc6 53. Rc2 c4 54. Rd2+ Bd5 55. Kb5 Ra8 56. a4 h5 57. a5 h4 58. Rh2 c3 59. Rxh4
c2 60. a6 c1=Q 1-0

[Event "Tournoi Skype 023A"]
[Site "Skype"]
[Date "????.??.??"]
[Round "5.26"]
[White "Salazar Ticeran, Antonio"]
[Black "Marino, Giuseppe"]
[Result "0-1"]
[WhiteElo "1612"]
[BlackElo "1374"]
[PlyCount "58"]

1. e4 e5 2. Nf3 d6 3. h3 Be7 4. Bc4 Nf6 5. Nc3 c6 6. O-O O-O 7. d4 exd4 8. Nxd4
Re8 9. Re1 Bf8 10. Bg5 h6 11. Bxf6 Qxf6 12. Bb3 Qg6 13. Qf3 Nd7 14. Rad1 Ne5
15. Qg3 Qxg3 16. fxg3 Bd7 17. Nf5 Bxf5 18. exf5 d5 19. Kh2 Rad8 20. Ne2 Nd7 21.
c4 Bb4 22. cxd5 Bxe1 23. Rxe1 Nc5 24. Bc2 Rxd5 25. Kg1 Rde5 26. Kf1 Ne4 27.
Bxe4 Rxe4 28. Kf2 b5 29. g4 a5 0-1

[Event "Tournoi Skype 023A"]
[Site "Skype"]
[Date "????.??.??"]
[Round "5.27"]
[White "Bhandari, Dattatrey"]
[Black "Perez Fermin, Jose"]
[Result "0-1"]
[WhiteElo "1381"]
[BlackElo "1571"]
[PlyCount "116"]

1. e4 c5 2. Nf3 d6 3. d4 cxd4 4. Nxd4 Nf6 5. Nc3 g6 6. h3 a6 7. g4 Bg7 8. Be3
Nc6 9. Qd2 Qc7 10. Bh6 Bxh6 11. Qxh6 Nxd4 12. O-O-O Nc6 13. g5 Nh5 14. Be2 Nf4
15. Qg7 Rf8 16. Bf3 Ne5 17. Be2 Nxe2+ 18. Nxe2 Be6 19. Nc3 O-O-O 20. f4 Nc4 21.
Qd4 Kb8 22. b3 Na5 23. Nd5 Bxd5 24. exd5 Rc8 25. Rh2 Qc3 26. Qb6 Qa1+ 27. Kd2
Qc3+ 28. Kc1 Qa1+ 29. Kd2 Rxc2+ 30. Ke1 Qc3+ 31. Rhd2 Rxd2 32. Rxd2 Rc8 33. Ke2
Qc5 34. Qxc5 Rxc5 35. b4 Rb5 36. bxa5 Rxa5 37. Kf3 Ra3+ 38. Kg4 Kc7 39. h4 b5
40. h5 b4 41. hxg6 hxg6 42. f5 a5 43. f6 exf6 44. gxf6 Rc3 45. Kg5 Rf3 46. Rc2+
Kb8 47. Rc6 Rf5+ 48. Kh6 Rxf6 49. Kg7 Rf2 50. Rxd6 Rxa2 51. Rb6+ Kc7 52. Rc6+
Kd7 53. Rb6 Ra3 54. Kxf7 Re3 55. Kxg6 Re5 56. Rb5 Kd6 57. Rxa5 Rxd5 58. Ra6+
Kc5 0-1

[Event "Tournoi Skype 023A"]
[Site "Skype"]
[Date "????.??.??"]
[Round "5.28"]
[White "Megelas, Florent"]
[Black "Sauvaget, Joel"]
[Result "0-1"]
[WhiteElo "1643"]
[BlackElo "1548"]
[PlyCount "64"]

1. e4 c5 2. Nf3 d6 3. d4 cxd4 4. Nxd4 a6 5. Nc3 g6 6. Be3 Bg7 7. Be2 Nf6 8. O-O
O-O 9. Rb1 Nbd7 10. Qc1 Ne5 11. Bh6 Bd7 12. Bxg7 Kxg7 13. f4 Nc6 14. Nxc6 Bxc6
15. Bf3 Qb6+ 16. Kh1 Rad8 17. Qe1 e6 18. h3 d5 19. exd5 exd5 20. b3 Rfe8 21.
Qf2 Qxf2 22. Rxf2 Ne4 23. Nxe4 dxe4 24. Be2 Rd2 25. Re1 Rxc2 26. f5 Rd8 27.
fxg6 fxg6 28. Ref1 Rdd2 29. Rf7+ Kh6 30. Bd1 Rxg2 31. Bxc2 Rxc2 32. R7f2 e3+
0-1

[Event "Tournoi Skype 023A"]
[Site "Skype"]
[Date "????.??.??"]
[Round "5.29"]
[White "Aranzubia, Desiderio"]
[Black "Yeter, Orhan"]
[Result "1-0"]
[WhiteElo "1506"]
[BlackElo "1615"]
[PlyCount "115"]

1. d4 d5 2. Nf3 Nf6 3. c4 e6 4. Nc3 Bb4 5. a3 Bxc3+ 6. bxc3 O-O 7. cxd5 exd5 8.
h3 c6 9. Bg5 h6 10. Bh4 Nbd7 11. e3 Qa5 12. Qc2 Ne4 13. Be7 Re8 14. Bb4 Qc7 15.
c4 a5 16. Bd2 Nxd2 17. Nxd2 dxc4 18. Bxc4 Nf6 19. O-O Qd6 20. a4 Be6 21. Rfb1
Bxc4 22. Nxc4 Qe7 23. Ra2 Nd5 24. Rab2 Nb4 25. Qd2 b5 26. axb5 cxb5 27. Nxa5
Rxa5 28. Qxb4 Qxb4 29. Rxb4 Rb8 30. Kf1 Kf8 31. Ke2 Ke7 32. Kd3 Ke6 33. e4 f6
34. f4 g5 35. g3 Ra3+ 36. R4b3 Rba8 37. d5+ Kd6 38. Kd4 R3a4+ 39. Rb4 Rxb4+ 40.
Rxb4 Ra4 41. e5+ fxe5+ 42. fxe5+ Kd7 43. Rxa4 bxa4 44. Kc4 h5 45. Kb4 g4 46.
hxg4 hxg4 47. e6+ Kd6 48. Kxa4 Kxd5 49. e7 Ke4 50. e8=Q+ Kf3 51. Qg8 Kxg3 52.
Kb3 Kf3 53. Qf7+ Kg2 54. Kc2 g3 55. Kd2 Kg1 56. Ke2 g2 57. Qg6 Kh2 58. Kf2 1-0